Jigsaw Puzzle - South America - Statistics

General Stats
  • This quiz has been taken 40,672 times
  • The average score is 12 of 13
Answers on the Map
Answers color-coded by a green-red scale on the quiz's map according to % correct below.
 
Answer Stats
Answer % Correct
Argentina
97%
Brazil
97%
Chile
97%
Bolivia
95%
Colombia
95%
Peru
95%
Uruguay
95%
Venezuela
95%
Ecuador
94%
Paraguay
94%
Guyana
93%
Suriname
93%
French Guiana
92%
No matching quizzes found
Score Distribution
Percent of People with Each Score
Percentile by Number Answered
Your Score History
You have not taken this quiz